Ca dao - Dân ca Thái Nghệ An

Enregistré dans:
Détails bibliographiques
Format: Livre
Tags: Ajouter un tag
Pas de tags, Soyez le premier à ajouter un tag!
Thư viện lưu trữ: Mạng thư viện Đại học Đà Nẵng
LEADER 00747nam a2200217 4500
001 000007117
003 3278
005 20150812140829.0
008 110926s sd
082 1 |a 398.20959742  |b QU-M 
245 0 0 |a Ca dao - Dân ca Thái Nghệ An 
774 |a Quán Vi Miên  |d H.  |d Đại học QGHN  |d 2010  |g T.1  |h 313 tr.  |n ĐTTS: Hội văn nghệ dân gian Việt Nam  |t Ca dao  |w 3280 
774 |a Quán Vi Miên  |d H.  |d Đại học QGHN  |d 2010  |g T.2  |h 939 tr.  |n ĐTTS: Hội văn nghệ dân gian Việt Nam  |t Dân ca  |w 3281 
OWN |a LSP 
999 |a From the UDN01 
TYP |a Monograph 
TYP |a Printed language 
980 |a Mạng thư viện Đại học Đà Nẵng